| 000 | 00463cam a2200181ua 4500 | ||
|---|---|---|---|
| 001 | 2218 | ||
| 008 | 110811n ii |||gr||||Z||||||eng | ||
| 040 | _cMAIN | ||
| 082 | _a371.3 | ||
| 100 |
_aKhan, M. S., _d1982, _q(Mohammed sharif khan). |
||
| 245 | 1 |
_aCommerce education _cby M. S. Khan |
|
| 250 | _a1st. | ||
| 260 |
_aNew Delhi: _bsterling publishers pvt. ltd. |
||
| 300 |
_a126p: _c23cm. |
||
| 653 | _aEducation | ||
| 653 | _aCommerce education | ||
| 942 | _cBK | ||
| 999 |
_c2086 _d2086 |
||